| 000 | 00579nam a22001937a 4500 | ||
|---|---|---|---|
| 003 | NUST | ||
| 005 | 20250708104108.0 | ||
| 008 | 171002b xxu||||| |||| 00| 0 eng d | ||
| 040 | _cNUST | ||
| 082 | _a200 | ||
| 100 |
_aAdil,Sarah _95148 |
||
| 245 |
_aEmployment status of rural to urban migrants in Pakistan/ _c Sarah Adil, |
||
| 260 |
_aIslamabad : _c2015. _bS3H NUST. |
||
| 300 | _a35p | ||
| 600 |
_aSupervisor: Dr. Asma Hyder _9127868 |
||
| 700 |
_aSupervisor: Dr. Asma Hyder _9127868 |
||
| 856 | _uhttp://10.250.8.41:8080/xmlui/handle/123456789/26581 | ||
| 942 |
_2ddc _cSC |
||
| 999 |
_c331516 _d331516 |
||